[Event "CUB-ch 61st"]
[Site "Ciego de Avila"]
[Date "2025.02.11"]
[Round "7"]
[White "Diaz Perez, Michel Alejandro"]
[Black "Solares Orozco, Kebert"]
[Result "1/2-1/2"]
[WhiteElo "2488"]
[BlackElo "2363"]
[PlyCount "88"]
[EventDate "2025.02.05"]
[EventType "swiss"]
[EventRounds "10"]
[EventCountry "CUB"]
[SourceTitle "CB08_2025"]
[SourceDate "2025.02.19"]
[SourceVersion "1"]
[SourceVersionDate "2025.02.19"]
[SourceQuality "1"]

1. e4 e6 2. d4 d5 3. Nd2 c5 4. exd5 exd5 5. Ngf3 Nc6 6. Bb5 Bd6 7. 0-0 Nge7 8. dxc5 Bxc5 9. Nb3 Bd6 10. c3 a6 11. Bd3 Bg4 12. Re1 Qc7 13. h3 Bh5 14. Be3 Ne5 15. Be2 Nc4 16. Bd4 0-0 17. Rb1 a5 18. a4 Bg6 19. Bd3 Qc6 20. Nc1 b5 21. axb5 Qxb5 22. Nh4 Bxd3 23. Nxd3 Rfe8 24. b3 Na3 25. Ra1 Qc6 26. Ne5 Qc7 27. Qd3 Ng6 28. Nhxg6 hxg6 29. Nf3 Qb7 30. Be5 Bf8 31. Nd4 a4 32. bxa4 Rxa4 33. Bg3 Raa8 34. Nf3 Nc4 35. Rab1 Qd7 36. Qd4 Be7 37. Rbd1 Bf6 38. Rxe8+ Qxe8 39. Qg4 Qe4 40. Nd4 Qxg4 41. hxg4 Nb2 42. Rd2 Ra1+ 43. Kh2 Na4 44. Nb5 Nxc3 1/2-1/2

[Event "CUB-ch 61st"]
[Site "Ciego de Avila"]
[Date "2025.02.08"]
[Round "4"]
[White "Solares Orozco, Kebert"]
[Black "Torres Valiente, Brayan"]
[Result "0-1"]
[WhiteElo "2363"]
[BlackElo "2282"]
[PlyCount "126"]
[EventDate "2025.02.05"]
[EventType "swiss"]
[EventRounds "10"]
[EventCountry "CUB"]
[SourceTitle "CB08_2025"]
[SourceDate "2025.02.19"]
[SourceVersion "1"]
[SourceVersionDate "2025.02.19"]
[SourceQuality "1"]

1. c4 e6 2. g3 d5 3. Nf3 Nf6 4. Bg2 Be7 5. d4 0-0 6. 0-0 c6 7. Nc3 Nbd7 8. Qd3 b6 9. e4 Ba6 10. b3 Rc8 11. Rd1 c5 12. exd5 exd5 13. dxc5 dxc4 14. bxc4 Rxc5 15. Nb5 Bxb5 16. cxb5 Rd5 17. Qe2 Rxd1+ 18. Qxd1 Bc5 19. Bb2 Ne4 20. Nd4 Ndf6 21. Qd3 Qd5 22. Re1 Re8 23. a4 h5 24. h3 Qa2 25. Re2 Nxg3 26. Rc2 Qb1+ 27. Kh2 Nge4 28. Qf1 Qa2 29. Qc4 Qxc4 30. Rxc4 Nxf2 31. Nf5 Re2 32. Bxf6 gxf6 33. Bf3 Re5 34. Ng3 Re3 35. Kg2 Nd3 36. Bxh5 Ne1+ 37. Kf1 Rxg3 38. Kxe1 Rxh3 39. Bg4 Rh2 40. Bf5 Kf8 41. Re4 Rh5 42. Bd7 Re5 43. Rxe5 fxe5 44. Ke2 Ke7 45. Bh3 Kd6 46. Kd3 Kd5 47. Bf5 Bd4 48. Bh7 Kc5 49. Ke2 Kb4 50. Bc2 Kc3 51. Bd3 Kb3 52. Kf3 Kxa4 53. Ke4 f6 54. Kf5 a5 55. bxa6 b5 56. Be4 Ka5 57. Bb7 b4 58. a7 Bxa7 59. Kxf6 Bd4 60. Kf5 b3 61. Be4 Kb4 62. Bb1 Kc3 63. Ke4 Kb2 0-1

[Event "CUB-ch 61st"]
[Site "Ciego de Avila"]
[Date "2025.02.05"]
[Round "1"]
[White "Hernandez Izquierdo, Jose A"]
[Black "Solares Orozco, Kebert"]
[Result "1/2-1/2"]
[WhiteElo "2241"]
[BlackElo "2363"]
[PlyCount "116"]
[EventDate "2025.02.05"]
[EventType "swiss"]
[EventRounds "10"]
[EventCountry "CUB"]
[SourceTitle "CB08_2025"]
[SourceDate "2025.02.19"]
[SourceVersion "1"]
[SourceVersionDate "2025.02.19"]
[SourceQuality "1"]

1. e4 e6 2. d4 d5 3. Nc3 Nf6 4. Bg5 h6 5. Bxf6 Qxf6 6. e5 Qd8 7. Nce2 c5 8. f4 Qb6 9. Rb1 Qa5+ 10. c3 Qxa2 11. Nf3 Qa6 12. dxc5 Bxc5 13. Ned4 Qb6 14. b4 Be7 15. Bd3 Nc6 16. 0-0 g6 17. Kh1 Bd7 18. Qe2 Rc8 19. Nb5 Nb8 20. f5 gxf5 21. Nfd4 Kd8 22. Rbd1 Nc6 23. Nxf5 exf5 24. Bxf5 Be6 25. c4 d4 26. c5 Bxc5 27. bxc5 Qxc5 28. Bxe6 fxe6 29. Nd6 Rc7 30. Qf2 Qxe5 31. Nf7+ Rxf7 32. Qxf7 Kc8 33. Rde1 Qd6 34. Rxe6 Qd7 35. Qg6 Rd8 36. Ref6 d3 37. Rf8 Rxf8 38. Rxf8+ Kc7 39. Rf7 Ne7 40. Qg3+ Kc6 41. Rf6+ Kc5 42. Qe3+ Kb5 43. Qe5+ Kc4 44. Rf4+ Kb3 45. Qc5 Nc6 46. Qc4+ Kb2 47. Rf3 Qd4 48. Qxd4+ Nxd4 49. Rxd3 Nc6 50. Rd7 b5 51. Rc7 Nd4 52. Rxa7 b4 53. g4 b3 54. h4 Kc2 55. Rc7+ Kd3 56. Rb7 Kc2 57. Rc7+ Kd3 58. Rb7 Kc2 1/2-1/2

[Event "Havana U20"]
[Site "Havana"]
[Date "2024.08.17"]
[Round "9"]
[White "Solares Orozco, Kebert"]
[Black "Gonzalez Soler, Leduard Manuel"]
[Result "1-0"]
[WhiteElo "2324"]
[BlackElo "2255"]
[PlyCount "101"]
[EventDate "2024.08.13"]
[EventType "tourn"]
[EventRounds "11"]
[EventCountry "CUB"]
[SourceTitle "EXT 2025"]
[Source "ChessBase"]
[SourceDate "2024.10.14"]
[SourceVersion "1"]
[SourceVersionDate "2024.10.14"]
[SourceQuality "1"]

1. d4 e6 2. Nf3 Nf6 3. c4 d5 4. Nc3 dxc4 5. e3 a6 6. a4 b6 7. Bxc4 Bb7 8. 0-0 Bb4 9. Qe2 0-0 10. Rd1 Qe7 11. Ne5 Rd8 12. Nd3 c5 13. Na2 a5 14. Naxb4 cxb4 15. b3 Bd5 16. Bb2 Qb7 17. f3 Nbd7 18. e4 Bxc4 19. bxc4 Rac8 20. Rdc1 Qa6 21. e5 Ne8 22. Nf4 Nf8 23. g4 Rd7 24. Ng2 Ng6 25. h4 Rdc7 26. h5 Ne7 27. Kf2 Rd8 28. Ne3 Rcd7 29. Rd1 Nc7 30. Rd2 Qa8 31. f4 f6 32. Qf3 Qc8 33. Qe4 f5 34. gxf5 Nxf5 35. Nxf5 exf5 36. Qc6 Re8 37. d5 Qd8 38. Rg1 Ne6 39. Ke3 Nxf4 40. Kxf4 Qh4+ 41. Kf3 Qe4+ 42. Kf2 Rde7 43. Re2 Qf4+ 44. Ke1 Qh4+ 45. Kd1 Qh3 46. e6 Qxh5 47. Bf6 Ra7 48. Rg5 Qh1+ 49. Kd2 Rb8 50. e7 Rxe7 51. Rxe7 1-0

[Event "Havana U20"]
[Site "Havana"]
[Date "2024.08.15"]
[Round "5"]
[White "Solares Orozco, Kebert"]
[Black "Guevara Fernandez, Livan"]
[Result "1-0"]
[WhiteElo "2324"]
[BlackElo "2232"]
[PlyCount "93"]
[EventDate "2024.08.13"]
[EventType "tourn"]
[EventRounds "11"]
[EventCountry "CUB"]
[SourceTitle "EXT 2025"]
[Source "ChessBase"]
[SourceDate "2024.10.14"]
[SourceVersion "1"]
[SourceVersionDate "2024.10.14"]
[SourceQuality "1"]

1. c4 Nf6 2. Nc3 d6 3. g3 c6 4. Bg2 a6 5. d4 b5 6. b3 g6 7. Nf3 Bg7 8. 0-0 0-0 9. Bb2 Nbd7 10. Re1 Rb8 11. cxb5 axb5 12. e4 c5 13. e5 dxe5 14. dxc5 Nxc5 15. Nxe5 Bb7 16. b4 Ne6 17. Bxb7 Rxb7 18. Qf3 Qb6 19. Rad1 Rc8 20. Nd5 Qa6 21. Rc1 Rf8 22. Nc6 Nxd5 23. Bxg7 Nxg7 24. Qxd5 e6 25. Qd6 Qa8 26. Na5 Rbb8 27. Qc6 Qa7 28. Red1 Qe7 29. Qc5 Qf6 30. Nc6 Rb7 31. Nd4 Rfb8 32. Rd2 e5 33. Nc6 Re8 34. Rd6 Qf5 35. Rd5 f6 36. Rd6 Ne6 37. Qd5 Rf7 38. Qxb5 Ref8 39. Qc4 Re8 40. b5 Kg7 41. Rxe6 Rxe6 42. Nd8 Rfe7 43. Nxe6+ Rxe6 44. b6 Re7 45. Qc5 Rf7 46. Qd5 Qg5 47. Rc8 1-0

[Event "Guillermo Garcia Memorial-D"]
[Site "Santa Clara"]
[Date "2024.05.17"]
[Round "5"]
[White "Solares Orozco, Kebert"]
[Black "Alegre Leyva, Alejandro"]
[Result "1-0"]
[WhiteElo "2304"]
[BlackElo "2188"]
[PlyCount "129"]
[EventDate "2024.05.14"]
[EventType "swiss"]
[EventRounds "9"]
[EventCountry "CUB"]
[SourceTitle "CBM 220 Extra"]
[Source "ChessBase"]
[SourceDate "2024.07.31"]
[SourceVersion "1"]
[SourceVersionDate "2024.07.31"]
[SourceQuality "1"]

1. c4 d6 2. Nc3 e5 3. e3 f5 4. d4 Nf6 5. Nf3 e4 6. Nd2 c6 7. f3 d5 8. cxd5 cxd5 9. fxe4 fxe4 10. Bb5+ Nc6 11. 0-0 Be6 12. Ndxe4 dxe4 13. d5 Bxd5 14. Rxf6 Qxf6 15. Qxd5 Rd8 16. Qxe4+ Be7 17. Nd5 Qd6 18. Bc4 Na5 19. b3 Nxc4 20. bxc4 Kf7 21. Bb2 Rde8 22. Rf1+ Bf6 23. Nxf6 gxf6 24. Qxb7+ Re7 25. Qb3 Rb8 26. Bxf6 Rxb3 27. Be5+ Ke6 28. Bxd6 Rxe3 29. Bxe7 Kxe7 30. Rf3 Re1+ 31. Kf2 Rc1 32. Ra3 Rxc4 33. Rxa7+ Kf6 34. Rxh7 Ra4 35. Rb7 Rxa2+ 36. Kg3 Kg5 37. Rb5+ Kh6 38. Kh3 Rc2 39. g4 Ra2 40. Kg3 Kg6 41. h3 Rc2 42. Kh4 Rc6 43. Rg5+ Kh7 44. Rf5 Kg6 45. Kg3 Rc3+ 46. Rf3 Rc1 47. Ra3 Rc6 48. h4 Rb6 49. h5+ Kh6 50. Kh4 Rb4 51. Ra6+ Kg7 52. h6+ Kh7 53. Kh5 Rc4 54. g5 Rc5 55. Ra7+ Kh8 56. Re7 Ra5 57. Kg6 Ra6+ 58. Kf5 Kg8 59. g6 Ra5+ 60. Re5 Ra8 61. Kg5 Rf8 62. h7+ Kg7 63. Re7+ Kh8 64. Kh6 Rg8 65. hxg8B 1-0

[Event "Capablanca Memorial op 57th"]
[Site "Havana"]
[Date "2024.05.11"]
[Round "9"]
[White "Solares Orozco, Kebert"]
[Black "Ochoa de la Rosa, Manuel Dario"]
[Result "1/2-1/2"]
[WhiteElo "2304"]
[BlackElo "2387"]
[PlyCount "120"]
[EventDate "2024.05.03"]
[EventType "swiss"]
[EventRounds "10"]
[EventCountry "CUB"]
[SourceTitle "EXT 2025"]
[Source "ChessBase"]
[SourceDate "2024.10.14"]
[SourceVersion "1"]
[SourceVersionDate "2024.10.14"]
[SourceQuality "1"]

1. c4 e6 2. g3 f5 3. Bg2 Nf6 4. Nf3 d5 5. b3 Bd6 6. Ba3 Bxa3 7. Nxa3 e5 8. cxd5 e4 9. Ng5 Nxd5 10. Nh3 Nc6 11. Nc2 Nf6 12. d3 Qe7 13. 0-0 0-0 14. Qd2 Rd8 15. Rad1 Ne5 16. Qc3 Nd5 17. Qb2 exd3 18. exd3 Qf6 19. Kh1 f4 20. Bxd5+ Rxd5 21. Nxf4 Rc5 22. f3 Ng6 23. Qxf6 gxf6 24. Nxg6 Rxc2 25. Nf4 Rxa2 26. Rfe1 Kf7 27. Nd5 c6 28. Nf4 Bd7 29. Ra1 Rb2 30. Reb1 Rxb1+ 31. Rxb1 a5 32. Kg2 b5 33. Kf2 Ke7 34. g4 Be8 35. Re1+ Kd7 36. d4 Bf7 37. Rb1 Kd6 38. Ke3 a4 39. bxa4 Rxa4 40. h4 Ra3+ 41. Ke4 h6 42. Rb2 Bg8 43. Nh5 Ke7 44. Kf5 Bh7+ 45. Kf4 Rd3 46. Rb4 Bg8 47. Ke4 Ra3 48. Kf5 Kf7 49. Kf4 Bh7 50. d5 Ra4 51. Rxa4 bxa4 52. dxc6 Ke6 53. Nxf6 Kd6 54. Nd5 Kxc6 55. Ke5 a3 56. Kd4 Bb1 57. Nc3 Kd7 58. Ke5 Ke7 59. f4 a2 60. Nxa2 Bxa2 1/2-1/2

[Event "Capablanca Memorial op 57th"]
[Site "Havana"]
[Date "2024.05.03"]
[Round "1"]
[White "Hurtado Oldridge, Felipe"]
[Black "Solares Orozco, Kebert"]
[Result "0-1"]
[WhiteElo "1922"]
[BlackElo "2304"]
[PlyCount "72"]
[EventDate "2024.05.03"]
[EventType "swiss"]
[EventRounds "10"]
[EventCountry "CUB"]
[SourceTitle "EXT 2025"]
[Source "ChessBase"]
[SourceDate "2024.10.14"]
[SourceVersion "1"]
[SourceVersionDate "2024.10.14"]
[SourceQuality "1"]

1. d4 d5 2. c4 c6 3. Nc3 Nf6 4. e3 e6 5. Nf3 Nbd7 6. Qc2 Bd6 7. b3 0-0 8. Bb2 Qe7 9. Be2 dxc4 10. bxc4 e5 11. 0-0 e4 12. Nd2 Re8 13. Rfe1 c5 14. Nf1 b6 15. a4 a6 16. a5 bxa5 17. Rxa5 Rb8 18. Nd5 Nxd5 19. cxd5 cxd4 20. Bxd4 Bb4 21. Rea1 Bxa5 22. Rxa5 Nf6 23. Qc3 Bb7 24. Ng3 Nxd5 25. Qa1 f6 26. Nf5 Qd7 27. Bg4 Qd8 28. h4 Bc6 29. Rc5 Bb7 30. h5 h6 31. Qa2 Ba8 32. Qxa6 Rb1+ 33. Kh2 Kh7 34. Nh4 Ne7 35. Be6 Qb6 36. Qe2 Qxe6 0-1

[Event "Iberoamerican-ch 9th"]
[Site "Panama City"]
[Date "2023.12.01"]
[Round "8"]
[White "Matamoros Franco, Carlos S"]
[Black "Solares Orozco, Kebert"]
[Result "1/2-1/2"]
[WhiteElo "2455"]
[BlackElo "2312"]
[PlyCount "52"]
[EventDate "2023.11.25"]
[EventType "swiss"]
[EventRounds "9"]
[EventCountry "PAN"]
[SourceTitle "CBM 217 Extra"]
[Source "ChessBase"]
[SourceDate "2024.01.31"]
[SourceVersion "1"]
[SourceVersionDate "2024.01.31"]
[SourceQuality "1"]

1. Nf3 d5 2. g3 c6 3. Bg2 g6 4. c4 Bg7 5. d4 Nf6 6. Qb3 0-0 7. 0-0 b6 8. Nc3 e6 9. Rd1 Nbd7 10. cxd5 exd5 11. Bf4 Bb7 12. a4 Re8 13. a5 Ba6 14. axb6 axb6 15. Ne5 Nxe5 16. Bxe5 Nd7 17. Bxg7 Kxg7 18. e4 Bc4 19. Qc2 Rxa1 20. Rxa1 dxe4 21. Bxe4 c5 22. Rd1 Qf6 23. dxc5 Nxc5 24. Bd5 Bxd5 25. Nxd5 Qf3 26. Qc3+ Kg8 1/2-1/2

[Event "Iberoamerican-ch 9th"]
[Site "Panama City"]
[Date "2023.11.27"]
[Round "4"]
[White "Gutierrez Espinosa, Karen"]
[Black "Solares Orozco, Kebert"]
[Result "1/2-1/2"]
[WhiteElo "2059"]
[BlackElo "2312"]
[PlyCount "84"]
[EventDate "2023.11.25"]
[EventType "swiss"]
[EventRounds "9"]
[EventCountry "PAN"]
[SourceTitle "CBM 217 Extra"]
[Source "ChessBase"]
[SourceDate "2024.01.31"]
[SourceVersion "1"]
[SourceVersionDate "2024.01.31"]
[SourceQuality "1"]

1. e4 c6 2. d4 d5 3. Nc3 dxe4 4. Nxe4 Nf6 5. Nxf6+ exf6 6. c3 Bd6 7. Bd3 0-0 8. Qc2 Re8+ 9. Ne2 h5 10. 0-0 h4 11. Bf4 Na6 12. Bxd6 Qxd6 13. Bxa6 bxa6 14. h3 c5 15. dxc5 Qxc5 16. Nd4 Bb7 17. Rfe1 Re5 18. f4 Ree8 19. Qf2 Qd5 20. a3 Rad8 21. Nf3 Re4 22. Rxe4 Qxe4 23. Nxh4 Re8 24. Rd1 g6 25. Qd2 Qc4 26. Re1 Rxe1+ 27. Qxe1 Qxf4 28. Nxg6 fxg6 29. Qe8+ Kg7 30. Qe7+ Kh6 31. Qxb7 f5 32. Kh1 a5 33. Qb5 Qc1+ 34. Kh2 Qf4+ 35. Kg1 Qc1+ 36. Kf2 Qf4+ 37. Ke1 Qg3+ 38. Kf1 Qf4+ 39. Kg1 Qe3+ 40. Kh1 Qc1+ 41. Kh2 Qf4+ 42. Kg1 Qe3+ 1/2-1/2

[Event "Guillermo Garcia Memorial op"]
[Site "Santa Clara"]
[Date "2022.05.08"]
[Round "8"]
[White "Rodriguez Basulto, Reyson Ricardo"]
[Black "Solares Orozco, Kebert"]
[Result "1/2-1/2"]
[WhiteElo "2305"]
[BlackElo "2325"]
[PlyCount "116"]
[EventDate "2022.04.30"]
[EventType "swiss"]
[EventRounds "9"]
[EventCountry "CUB"]
[SourceTitle "CBM 208 Extra"]
[Source "ChessBase"]
[SourceDate "2022.07.31"]
[SourceVersion "1"]
[SourceVersionDate "2022.07.31"]
[SourceQuality "1"]

1. e4 e6 2. d4 d5 3. Nc3 dxe4 4. Nxe4 Nd7 5. Nf3 Ngf6 6. Nxf6+ Nxf6 7. Bg5 Be7 8. Bd3 0-0 9. Qe2 c5 10. dxc5 Qa5+ 11. c3 Qxc5 12. 0-0 h6 13. Be3 Qc7 14. Bd4 Bd7 15. Ne5 Rad8 16. Nxd7 Rxd7 17. Kh1 Rfd8 18. f4 Bc5 19. Bb5 Rd5 20. Bc4 Bxd4 21. Bxd5 Nxd5 22. cxd4 Nxf4 23. Qe4 Nd5 24. Rad1 Qb6 25. Rd2 Ne7 26. Qf4 Nf5 27. d5 Qe3 28. Qxe3 Nxe3 29. dxe6 Rxd2 30. e7 Nxf1 31. e8Q+ Kh7 32. Qe1 Rxb2 33. Qxf1 Kg8 34. Qa1 Rd2 35. h4 h5 36. a4 a5 37. Qc3 Rd5 38. Qc8+ Kh7 39. Qxb7 Rf5 40. Kh2 g6 41. Kg3 Kg7 42. Qe7 Kg8 43. Qe4 Kg7 44. Qxf5 gxf5 45. Kf4 Kg6 46. Ke5 f4 47. Kxf4 Kf6 48. g3 Kg6 49. Ke5 f6+ 50. Ke6 Kg7 51. Ke7 Kg6 52. Ke6 Kg7 53. Kf5 Kf7 54. g4 hxg4 55. Kxg4 Kg6 56. Kf4 Kh5 57. Kf5 Kxh4 58. Kxf6 Kg4 1/2-1/2

[Event "Las Tunas Guerrero Memorial-A"]
[Site "Las Tunas"]
[Date "2020.02.21"]
[Round "10.3"]
[White "Dieguez Alvarez, Mario Enrique"]
[Black "Solares Orozco, Kebert"]
[Result "1/2-1/2"]
[WhiteElo "2295"]
[BlackElo "2299"]
[PlyCount "40"]
[EventDate "2020.02.16"]
[EventType "tourn"]
[EventRounds "10"]
[EventCountry "CUB"]
[EventCategory "2"]
[SourceTitle "EXT 2023"]
[Source "ChessBase"]
[SourceDate "2022.10.05"]
[SourceVersion "1"]
[SourceVersionDate "2022.10.05"]
[SourceQuality "1"]

1. d4 d5 2. c4 c6 3. Nc3 Nf6 4. cxd5 cxd5 5. Nf3 Nc6 6. Bf4 a6 7. e3 Bf5 8. Bd3 Bxd3 9. Qxd3 e6 10. 0-0 Bd6 11. Bxd6 Qxd6 12. Rfc1 0-0 13. a3 Rfc8 14. Na4 Nd7 15. Nc5 Rc7 16. Rc3 Nxc5 17. Rxc5 b6 18. Rc3 Ne7 19. Rac1 Rxc3 20. Rxc3 f6 1/2-1/2

[Event "Las Tunas Guerrero Memorial-A"]
[Site "Las Tunas"]
[Date "2020.02.19"]
[Round "7.2"]
[White "Castellanos Sanchez, Carlos Manuel"]
[Black "Solares Orozco, Kebert"]
[Result "0-1"]
[WhiteElo "2268"]
[BlackElo "2299"]
[PlyCount "84"]
[EventDate "2020.02.16"]
[EventType "tourn"]
[EventRounds "10"]
[EventCountry "CUB"]
[EventCategory "2"]
[SourceTitle "EXT 2023"]
[Source "ChessBase"]
[SourceDate "2022.10.05"]
[SourceVersion "1"]
[SourceVersionDate "2022.10.05"]
[SourceQuality "1"]

1. e4 c5 2. Nc3 a6 3. g3 b5 4. Bg2 Bb7 5. d3 e6 6. Nh3 Nf6 7. 0-0 d5 8. e5 Nfd7 9. f4 g6 10. Bd2 Be7 11. Qe2 Nc6 12. Rae1 b4 13. Nb1 Qc7 14. c3 a5 15. Bc1 Nb6 16. Nf2 h5 17. h4 Ba6 18. Qd1 Rb8 19. Nd2 a4 20. Nf3 a3 21. cxb4 axb2 22. Bxb2 Nxb4 23. a3 Nc6 24. Nh3 d4 25. Bc1 c4 26. dxc4 Nxc4 27. Rf2 0-0 28. Kh2 Rfd8 29. Nhg5 Ne3 30. Qd2 Ng4+ 31. Kh3 Rb3 32. Rfe2 Bxe2 33. Rxe2 Qa5 34. Qa2 Qb5 35. a4 Qb6 36. Nd2 Rc3 37. Bb2 d3 38. Nc4 dxe2 39. Nxb6 Rxg3+ 40. Kxg3 e1Q+ 41. Kh3 Rd3+ 42. Nf3 Qxh4# 0-1

[Event "Las Tunas Guerrero Memorial-A"]
[Site "Las Tunas"]
[Date "2020.02.19"]
[Round "6.2"]
[White "Solares Orozco, Kebert"]
[Black "Parra Cabrera, Edilmar"]
[Result "1/2-1/2"]
[WhiteElo "2299"]
[BlackElo "2285"]
[PlyCount "44"]
[EventDate "2020.02.16"]
[EventType "tourn"]
[EventRounds "10"]
[EventCountry "CUB"]
[EventCategory "2"]
[SourceTitle "EXT 2023"]
[Source "ChessBase"]
[SourceDate "2022.10.05"]
[SourceVersion "1"]
[SourceVersionDate "2022.10.05"]
[SourceQuality "1"]

1. d4 Nf6 2. c4 e6 3. g3 d5 4. Nf3 c5 5. Bg2 Nc6 6. 0-0 dxc4 7. Qa4 cxd4 8. Nxd4 Qxd4 9. Bxc6+ Bd7 10. Rd1 Qxd1+ 11. Qxd1 Bxc6 12. Qc2 Rd8 13. f3 Bc5+ 14. Kg2 h5 15. h4 Nd5 16. Qxc4 Ne3+ 17. Bxe3 Bxe3 18. Qb3 Bb6 19. Nc3 0-0 20. Rd1 Rxd1 21. Nxd1 Rd8 22. Qc2 g6 1/2-1/2

[Event "Las Tunas Guerrero Memorial-A"]
[Site "Las Tunas"]
[Date "2020.02.16"]
[Round "1.3"]
[White "Parra Cabrera, Edilmar"]
[Black "Solares Orozco, Kebert"]
[Result "0-1"]
[WhiteElo "2285"]
[BlackElo "2299"]
[PlyCount "68"]
[EventDate "2020.02.16"]
[EventType "tourn"]
[EventRounds "10"]
[EventCountry "CUB"]
[EventCategory "2"]
[SourceTitle "EXT 2023"]
[Source "ChessBase"]
[SourceDate "2022.10.05"]
[SourceVersion "1"]
[SourceVersionDate "2022.10.05"]
[SourceQuality "1"]

1. d4 d5 2. Nf3 Nf6 3. c4 c6 4. Nc3 e6 5. cxd5 exd5 6. Bg5 Be7 7. Qc2 Na6 8. e3 Nb4 9. Qd1 Bf5 10. Rc1 a5 11. a3 Na6 12. Ne5 h6 13. Bf4 Nc7 14. g4 Bh7 15. Qb3 Rb8 16. Qa4 Bd6 17. Qxa5 Qe7 18. Be2 Ne6 19. Bg3 h5 20. gxh5 Bf5 21. Qa4 Kf8 22. Qd1 Bh3 23. Rg1 Rd8 24. Bh4 Qe8 25. Bd3 Nc5 26. Bxf6 gxf6 27. dxc5 Bxe5 28. Qf3 Qe6 29. Ne2 d4 30. e4 Bxh2 31. Bc4 Qe5 32. Rh1 Bc8 33. Rxh2 d3 34. Bd5 cxd5 0-1

[Event "Pan American-ch School U15"]
[Site "Medellin"]
[Date "2019.11.15"]
[Round "6"]
[White "Cabezas Solano, David Alejandro"]
[Black "Solares Orozco, Kebert"]
[Result "0-1"]
[WhiteElo "1960"]
[BlackElo "2322"]
[PlyCount "96"]
[EventDate "2019.11.12"]
[EventType "swiss"]
[EventRounds "9"]
[EventCountry "COL"]
[SourceTitle "CBM 193 Extra"]
[Source "ChessBase"]
[SourceDate "2020.01.31"]
[SourceVersion "1"]
[SourceVersionDate "2020.01.31"]
[SourceQuality "1"]

1. d4 d5 2. Nf3 Nf6 3. c4 c6 4. Nc3 e6 5. g3 dxc4 6. a4 Nbd7 7. Bg2 a5 8. Qc2 Nd5 9. 0-0 Nb4 10. Qb1 Be7 11. Bf4 0-0 12. Rd1 Nb6 13. Bf1 Bd7 14. e4 c5 15. dxc5 Bxc5 16. Ne5 Qe7 17. Nxd7 Nxd7 18. Bxc4 Rac8 19. Bf1 Nf6 20. Bh3 Rfd8 21. Rxd8+ Rxd8 22. Qf1 Nd3 23. Be3 Bxe3 24. fxe3 Nxb2 25. Qe2 Qb4 26. Rb1 Qxc3 27. Rxb2 Nxe4 28. Rc2 Qa1+ 29. Kg2 g6 30. Qc4 Qe5 31. Qe2 Qd5 32. Kg1 Qd1+ 33. Qxd1 Rxd1+ 34. Kg2 Rd2+ 35. Rxd2 Nxd2 36. Kf2 Ne4+ 37. Ke1 Nc5 38. Bg2 Kf8 39. Bf3 Ke7 40. Kd2 Kd6 41. Bd1 Ne4+ 42. Kc2 Kc5 43. Bf3 f5 44. Be2 Kb4 45. Bb5 Nc5 46. Be8 Nxa4 47. Bf7 Nc5 48. Bg8 h6 0-1

[Event "Pan American-ch School U15"]
[Site "Medellin"]
[Date "2019.11.14"]
[Round "4"]
[White "Solares Orozco, Kebert"]
[Black "Garcia Ibarra, Nahin"]
[Result "1-0"]
[WhiteElo "2322"]
[BlackElo "1589"]
[PlyCount "93"]
[EventDate "2019.11.12"]
[EventType "swiss"]
[EventRounds "9"]
[EventCountry "COL"]
[SourceTitle "CBM 193 Extra"]
[Source "ChessBase"]
[SourceDate "2020.01.31"]
[SourceVersion "1"]
[SourceVersionDate "2020.01.31"]
[SourceQuality "1"]

1. d4 d5 2. Nf3 Nf6 3. c4 c6 4. g3 Bf5 5. Nc3 e6 6. Nh4 Bg4 7. h3 Bh5 8. g4 Ne4 9. Nxe4 dxe4 10. Ng2 Bg6 11. Nf4 Bb4+ 12. Bd2 Qa5 13. Bg2 Nd7 14. a3 Bxd2+ 15. Qxd2 Qxd2+ 16. Kxd2 0-0-0 17. Kc3 e5 18. dxe5 Nxe5 19. Nxg6 hxg6 20. Bxe4 Rhe8 21. Bg2 Nd7 22. e3 Nc5 23. Rad1 Ne4+ 24. Bxe4 Rxe4 25. Rxd8+ Kxd8 26. Kd3 Re8 27. h4 Ke7 28. h5 Rd8+ 29. Ke2 Rh8 30. f4 gxh5 31. Rxh5 Rd8 32. Re5+ Kd6 33. Kf3 g6 34. c5+ Kd7 35. f5 gxf5 36. gxf5 f6 37. Re6 Rf8 38. e4 b6 39. b4 bxc5 40. bxc5 Rb8 41. Rxf6 Rb3+ 42. Kf4 Rxa3 43. Rd6+ Kc7 44. f6 Ra1 45. Ke5 a5 46. f7 Rf1 47. Rf6 1-0

[Event "Pan American-ch School U15"]
[Site "Medellin"]
[Date "2019.11.12"]
[Round "1"]
[White "Briones Espino, Martin Daniel"]
[Black "Solares Orozco, Kebert"]
[Result "0-1"]
[WhiteElo "1522"]
[BlackElo "2322"]
[PlyCount "90"]
[EventDate "2019.11.12"]
[EventType "swiss"]
[EventRounds "9"]
[EventCountry "COL"]
[SourceTitle "CBM 193 Extra"]
[Source "ChessBase"]
[SourceDate "2020.01.31"]
[SourceVersion "1"]
[SourceVersionDate "2020.01.31"]
[SourceQuality "1"]

1. e4 c5 2. Nc3 a6 3. g3 b5 4. a3 Bb7 5. Bg2 Nf6 6. d3 e6 7. f4 d5 8. e5 Nfd7 9. Nf3 Be7 10. 0-0 0-0 11. g4 Nc6 12. Ne2 f6 13. exf6 Nxf6 14. h3 Bd6 15. Qe1 Qc7 16. Qh4 Rae8 17. Bd2 Ne7 18. Qe1 Ng6 19. Nh4 Nxh4 20. Qxh4 d4 21. Rae1 Bxg2 22. Kxg2 Nd5 23. g5 Rf7 24. Rf3 Ref8 25. Ref1 Ne7 26. Qg4 Nf5 27. h4 c4 28. Ng3 c3 29. bxc3 dxc3 30. Bc1 Nxg3 31. Rxg3 Bxf4 32. Bxf4 Rxf4 33. Rxf4 Qxf4 34. Qxe6+ Kh8 35. Kh3 Qf1+ 36. Rg2 Qf3+ 37. Kh2 Qf4+ 38. Kh3 a5 39. Qb6 Qf5+ 40. Kh2 Qe5+ 41. Kg1 Qe1+ 42. Kh2 Qxh4+ 43. Kg1 Re8 44. Rf2 Re1+ 45. Rf1 Qg3+ 0-1

[Event "Pan American-ch School U15"]
[Site "Medellin"]
[Date "2019.11.12"]
[Round "2"]
[White "Solares Orozco, Kebert"]
[Black "Portillo Fernandez, Isaac Jesus"]
[Result "1-0"]
[WhiteElo "2322"]
[BlackElo "1630"]
[PlyCount "113"]
[EventDate "2019.11.12"]
[EventType "swiss"]
[EventRounds "9"]
[EventCountry "COL"]
[SourceTitle "CBM 193 Extra"]
[Source "ChessBase"]
[SourceDate "2020.01.31"]
[SourceVersion "1"]
[SourceVersionDate "2020.01.31"]
[SourceQuality "1"]

1. c4 e5 2. d3 Nf6 3. Nf3 Nc6 4. a3 d5 5. cxd5 Nxd5 6. e4 Nf6 7. h3 Bc5 8. Be2 h6 9. Nbd2 Be6 10. b4 Bd4 11. Nxd4 Nxd4 12. Bb2 0-0 13. 0-0 Qd6 14. Rc1 Rad8 15. Bxd4 exd4 16. f4 Qe7 17. Qc2 c6 18. Nb3 Bxb3 19. Qxb3 Nd7 20. Bg4 Nf6 21. Bf3 Nd7 22. e5 Qe6 23. Qa4 a6 24. Bg4 Qd5 25. Qa5 Qxa5 26. bxa5 f5 27. exf6 Rxf6 28. Rc4 Nf8 29. Rb1 Rf7 30. g3 Rd5 31. Bc8 Rxa5 32. Bxb7 Rxa3 33. Bxc6 Rf6 34. Bd5+ Kh7 35. Rxd4 h5 36. Be4+ Kh6 37. h4 g6 38. Rb7 Ra1+ 39. Kg2 Ra2+ 40. Kf3 a5 41. Ra7 Rb6 42. Rd8 Rf6 43. Rda8 Ra1 44. Rxa5 Rxa5 45. Rxa5 Rf7 46. Ra6 Kg7 47. Rb6 Rf6 48. Rxf6 Kxf6 49. d4 Ne6 50. Ke3 Nf8 51. d5 Nd7 52. Kd4 Kf7 53. Bc2 Kf6 54. Bd3 Kf7 55. d6 Kf6 56. Kd5 Nb8 57. Bb5 1-0